Alaska Airlines Destinations from LAS (Las Vegas) - Statistics

General Stats
  • This quiz has been taken 13 times
  • The average score is 11 of 14
Answer Stats
Hint Answer % Correct
Alaska Anchorage
100%
Hawaii Honolulu
100%
Oregon Portland
100%
Washington Seattle/Tacoma
100%
Idaho Boise
88%
California Los Angeles
88%
California San Diego
88%
California San Francisco
88%
Hawaii Kahului
75%
Washington Everett
63%
Mexico (Seasonal) San Jose del Cabo
63%
California Santa Rosa
63%
Mexico (Seasonal) Puerto Vallarta
50%
California (Seasonal) San Luis Obispo
38%
No matching quizzes found
Score Distribution
Percent of People with Each Score
Percentile by Number Answered
Your Score History
You have not taken this quiz